|
|
|
|
| LEADER |
00000cas a22000005a 4500 |
| 001 |
vtls008769794 |
| 003 |
SK-MaSNL |
| 005 |
20260228160548.0 |
| 008 |
060605c19949999xo qr p 0 b0slo |
| 022 |
|
|
|a 1339-1097
|
| 040 |
|
|
|a SNK
|b slo
|c SNK
|d SVKPO
|e AACR2
|
| 041 |
|
|
|a slo
|
| 044 |
|
|
|a xo
|c SK
|
| 072 |
|
7 |
|a 316
|x Sociológia
|2 konspekt
|
| 072 |
|
7 |
|a 352/354
|x Stupne miestnej, oblastnej a ústrednej správy
|2 konspekt
|
| 072 |
|
7 |
|a 394
|x Verejný a spoločenský život. Každodenný život
|2 konspekt
|
| 080 |
|
|
|a 394
|2 2011
|
| 080 |
|
|
|a (437.6)
|2 2011
|
| 080 |
|
|
|a 352
|2 2011
|
| 080 |
|
|
|a 316.728
|2 2011
|
| 080 |
|
|
|a 050
|2 2011
|
| 080 |
|
|
|a (051)+(054)
|2 2011
|
| 245 |
0 |
0 |
|a Krajnianske noviny
|
| 260 |
|
|
|a Krajné
|b Obecný úrad Krajné
|c 1994-
|
| 300 |
|
|
|a zv.
|c 30 cm
|
| 310 |
|
|
|a 4x ročne
|
| 362 |
0 |
|
|a Roč.1, č. 1 1994-
|
| 500 |
|
|
|a Registrácia: OÚ Trenčín r. č. 01-456/1994
|
| 500 |
|
|
|a Roky 2008-2009 majú rovnaký ročník
|
| 500 |
|
|
|a Reg. číslo MK SR: EV 448/08
|
| 500 |
|
|
|a Šéfredaktorka: 2003-, J. Hudecová
|
| 515 |
|
|
|a Označnie č. 2/2017, správne má byť č. 2/2018
|
| 650 |
0 |
7 |
|a spoločenský život
|2 SNKPH
|9 28654
|
| 650 |
0 |
7 |
|a miestna správa
|2 SNKPH
|9 29496
|
| 651 |
|
7 |
|a Krajné (Slovensko)
|2 SNKPHgeo
|9 109534
|
| 655 |
|
7 |
|a miestne periodiká
|2 SNKPH
|9 160938
|
| 700 |
1 |
|
|a Hudecová, J.
|4 pbd
|9 266893
|
| 856 |
4 |
0 |
|u http://www.krajne.sk/obec-1/krajnianske-noviny/
|
| 910 |
|
|
|a snk
|
| 916 |
|
|
|a 1994-2014
|
| 999 |
|
|
|c 2979
|d 4909
|
| 952 |
|
|
|0 0
|1 0
|4 0
|7 0
|8 0
|a SNK
|b SNK
|d 2022-01-10
|i snk2022/436
|l 0
|o snkČSB 6044/26/2020
|p 17A1436335
|r 2026-02-21 19:53:13
|t č. 1-3
|w 2026-02-21
|y PREZ
|
| 952 |
|
|
|0 0
|1 0
|4 0
|7 0
|8 0
|a SNK
|b SNK
|d 2015-10-29
|f 1
|i snk2015/29912
|l 0
|o snkČSB 6044/2/1995
|p 17A1146726
|r 2026-02-21 21:05:00
|t č. 1-5
|w 2026-02-21
|y PREZ
|
| 952 |
|
|
|0 0
|1 0
|4 0
|7 0
|8 0
|a SNK
|b SNK
|d 2015-10-29
|f 1
|i snk2015/29913
|l 0
|o snkČSB 6044/3/1996
|p 17A1146727
|r 2026-02-21 21:05:00
|t č. 1-4
|w 2026-02-21
|y PREZ
|
| 952 |
|
|
|0 0
|1 0
|4 0
|7 0
|8 0
|a SNK
|b SNK
|d 2015-10-29
|i snk2015/29914
|l 0
|o snkČSB 6044/3/1996 D1
|p 17A1146728
|r 2026-02-21 21:05:00
|t č. 1-4
|w 2026-02-21
|y PREZ
|
| 952 |
|
|
|0 0
|1 0
|4 0
|7 0
|8 0
|a SNK
|b SNK
|d 2015-10-29
|f 1
|i snk2015/29915
|l 0
|o snkČSB 6044/4/1997
|p 17A1146729
|r 2026-02-21 21:05:00
|t č. 1-6
|w 2026-02-21
|y PREZ
|
| 952 |
|
|
|0 0
|1 0
|4 0
|7 0
|8 0
|a SNK
|b SNK
|d 2015-10-29
|i snk2015/29916
|l 0
|o snkČSB 6044/4/1997 D1
|p 17A1146730
|r 2026-02-21 21:05:01
|t č. 1-6
|w 2026-02-21
|y PREZ
|
| 952 |
|
|
|0 0
|1 0
|4 0
|7 0
|8 0
|a SNK
|b SNK
|d 2015-10-29
|f 1
|i snk2015/29917
|l 0
|o snkČSB 6044/5/1998
|p 17A1146731
|r 2026-02-21 21:05:01
|t č. 1-4
|w 2026-02-21
|y PREZ
|
| 952 |
|
|
|0 0
|1 0
|4 0
|7 0
|8 0
|a SNK
|b SNK
|d 2015-10-29
|i snk2015/29918
|l 0
|o snkČSB 6044/5/1998 D1
|p 17A1146732
|r 2026-02-21 21:05:01
|t č. 1-4
|w 2026-02-21
|y PREZ
|
| 952 |
|
|
|0 0
|1 0
|4 0
|7 0
|8 0
|a SNK
|b SNK
|d 2015-10-29
|f 1
|i snk2015/29921
|l 0
|o snkČSB 6044/6/1999
|p 17A1146733
|r 2026-02-21 21:05:01
|t č. 1-3
|w 2026-02-21
|y PREZ
|
| 952 |
|
|
|0 0
|1 0
|4 0
|7 0
|8 0
|a SNK
|b SNK
|d 2015-10-29
|i snk2015/29922
|l 0
|o snkČSB 6044/6/1999 D1
|p 17A1146734
|r 2026-02-21 21:05:01
|t č. 1-3
|w 2026-02-21
|y PREZ
|
| 952 |
|
|
|0 0
|1 0
|4 0
|7 0
|8 0
|a SNK
|b SNK
|d 2015-10-29
|f 1
|i snk2015/29923
|l 0
|o snkČSB 6044/7/2000
|p 17A1146735
|r 2026-02-21 21:05:01
|t č. 1-4
|w 2026-02-21
|y PREZ
|
| 952 |
|
|
|0 0
|1 0
|4 0
|7 0
|8 0
|a SNK
|b SNK
|d 2015-10-29
|i snk2015/29926
|l 0
|o snkČSB 6044/7/2000 D1
|p 17A1146736
|r 2026-02-21 21:05:01
|t č. 1-4
|w 2026-02-21
|y PREZ
|
| 952 |
|
|
|0 0
|1 0
|4 0
|7 0
|8 0
|a SNK
|b SNK
|d 2015-10-29
|f 1
|i snk2015/29929
|l 0
|o snkČSB 6044/8/2001
|p 17A1146737
|r 2026-02-21 21:05:01
|t č. 1-4
|w 2026-02-21
|y PREZ
|
| 952 |
|
|
|0 0
|1 0
|4 0
|7 0
|8 0
|a SNK
|b SNK
|d 2015-10-29
|i snk2015/29930
|l 0
|o snkČSB 6044/8/2001 D1
|p 17A1146738
|r 2026-02-21 21:05:01
|t č. 1-4
|w 2026-02-21
|y PREZ
|
| 952 |
|
|
|0 0
|1 0
|4 0
|7 0
|8 0
|a SNK
|b SNK
|d 2015-10-28
|f 1
|i snk2015/29904
|l 0
|o snkČSB 6044/1/1994
|p 17A1146725
|r 2026-02-21 21:05:03
|t č. 1-7
|w 2026-02-21
|y PREZ
|
| 952 |
|
|
|0 0
|1 0
|4 0
|7 0
|8 0
|a SNK
|b SNK
|d 2015-10-30
|f 1
|i snk2015/29960
|l 0
|o snkČSB 6044/9/2002
|p 17A1146739
|r 2026-02-21 21:05:08
|t č. 1-6
|w 2026-02-21
|y PREZ
|
| 952 |
|
|
|0 0
|1 0
|4 0
|7 0
|8 0
|a SNK
|b SNK
|d 2015-10-30
|i snk2015/29961
|l 0
|o snkČSB 6044/9/2002 D1
|p 17A1146740
|r 2026-02-21 21:05:08
|t č. 1-6
|w 2026-02-21
|y PREZ
|
| 952 |
|
|
|0 0
|1 0
|4 0
|7 0
|8 0
|a SNK
|b SNK
|d 2015-10-30
|f 1
|i snk2015/29962
|l 0
|o snkČSB 6044/10/2003
|p 17A1146741
|r 2026-02-21 21:05:08
|t č. 1-4
|w 2026-02-21
|y PREZ
|
| 952 |
|
|
|0 0
|1 0
|4 0
|7 0
|8 0
|a SNK
|b SNK
|d 2015-10-30
|i snk2015/29963
|l 0
|o snkČSB 6044/10/2003 D1
|p 17A1146742
|r 2026-02-21 21:05:08
|t č. 1-4
|w 2026-02-21
|y PREZ
|
| 952 |
|
|
|0 0
|1 0
|4 0
|7 0
|8 0
|a SNK
|b SNK
|d 2015-10-30
|f 1
|i snk2015/29964
|l 0
|o snkČSB 6044/11/2004
|p 17A1146743
|r 2026-02-21 21:05:08
|t č. 1-4
|w 2026-02-21
|y PREZ
|
| 952 |
|
|
|0 0
|1 0
|4 0
|7 0
|8 0
|a SNK
|b SNK
|d 2015-10-30
|f 1
|i snk2015/29965
|l 0
|o snkČSB 6044/12/2005
|p 17A1146744
|r 2026-02-21 21:05:08
|t č. 1-4
|w 2026-02-21
|y PREZ
|
| 952 |
|
|
|0 0
|1 0
|4 0
|7 0
|8 0
|a SNK
|b SNK
|d 2015-10-30
|f 1
|i snk2015/29966
|l 0
|o snkČSB 6044/13/2006
|p 17A1146745
|r 2026-02-21 21:05:08
|t č. 1-4
|w 2026-02-21
|y PREZ
|
| 952 |
|
|
|0 0
|1 0
|4 0
|7 0
|8 0
|a SNK
|b SNK
|d 2015-10-30
|f 1
|i snk2015/29967
|l 0
|o snkČSB 6044/14/2007
|p 17A1146746
|r 2026-02-21 21:05:08
|t č. 1-3
|w 2026-02-21
|y PREZ
|
| 952 |
|
|
|0 0
|1 0
|4 0
|7 0
|8 0
|a SNK
|b SNK
|d 2015-10-30
|f 1
|i snk2015/29968
|l 0
|o snkČSB 6044/15/2008
|p 17A1146747
|r 2026-02-21 21:05:08
|t č. 1-4
|w 2026-02-21
|y PREZ
|
| 952 |
|
|
|0 0
|1 0
|4 0
|7 0
|8 0
|a SNK
|b SNK
|d 2015-10-30
|f 1
|i snk2015/29969
|l 0
|o snkČSB 6044/15/2009
|p 17A1146748
|r 2026-02-21 21:05:08
|t č. 1-4
|w 2026-02-21
|y PREZ
|z chybný ročník
|
| 952 |
|
|
|0 0
|1 0
|4 0
|7 0
|8 0
|a SNK
|b SNK
|d 2015-10-30
|f 1
|i snk2015/29970
|l 0
|o snkČSB 6044/16/2010
|p 17A1146749
|r 2026-02-21 21:05:08
|t č. 1-4
|w 2026-02-21
|y PREZ
|
| 952 |
|
|
|0 0
|1 0
|4 0
|7 0
|8 0
|a SNK
|b SNK
|d 2015-10-30
|f 1
|i snk2015/29971
|l 0
|o snkČSB 6044/17/2011
|p 17A1146750
|r 2026-02-21 21:05:08
|t č. 1-4
|w 2026-02-21
|y PREZ
|
| 952 |
|
|
|0 0
|1 0
|4 0
|7 0
|8 0
|a SNK
|b SNK
|d 2015-10-30
|f 1
|i snk2015/29972
|l 0
|o snkČSB 6044/18/2012
|p 17A1146751
|r 2026-02-21 21:05:08
|t č. 1-4
|w 2026-02-21
|y PREZ
|
| 952 |
|
|
|0 0
|1 0
|4 0
|7 0
|8 0
|a SNK
|b SNK
|d 2015-10-30
|f 1
|i snk2015/29973
|l 0
|o snkČSB 6044/19/2013
|p 17A1146752
|r 2026-02-21 21:05:12
|t č. 1-4
|w 2026-02-21
|y PREZ
|
| 952 |
|
|
|0 0
|1 0
|4 0
|7 0
|8 0
|a SNK
|b SNK
|d 2015-10-30
|f 1
|i snk2015/29974
|l 0
|o snkČSB 6044/20/2014
|p 17A1146753
|r 2026-02-21 21:05:12
|t č. 1-4
|w 2026-02-21
|y PREZ
|
| 952 |
|
|
|0 0
|1 0
|4 0
|7 0
|8 0
|a SNK
|b SNK
|d 2016-02-24
|f 1
|i snk2016/5220
|l 0
|o snkČSB 6044/21/2015
|p 17A1147163
|r 2026-02-21 22:02:25
|t č. 1-4
|w 2026-02-21
|y PREZ
|
| 952 |
|
|
|0 0
|1 0
|4 0
|7 0
|8 0
|a SNK
|b SNK
|d 2019-11-29
|i snk2019/30812
|l 0
|o snkČSB 6044/22/2016
|p 17A1384989
|r 2026-02-21 22:15:18
|t č. 1-4
|w 2026-02-21
|y PREZ
|
| 952 |
|
|
|0 0
|1 0
|4 0
|7 0
|8 0
|a SNK
|b SNK
|d 2019-11-29
|i snk2019/30822
|l 0
|o snkČSB 6044/23/2017
|p 17A1384988
|r 2026-02-21 22:15:18
|t č. 1-4
|w 2026-02-21
|y PREZ
|
| 952 |
|
|
|0 0
|1 0
|4 0
|7 0
|8 0
|a SNK
|b SNK
|d 2019-11-29
|i snk2019/30823
|l 0
|o snkČSB 6044/24/2018
|p 17A1384987
|r 2026-02-21 22:15:18
|t č. 1-4
|w 2026-02-21
|y PREZ
|z V č. 2 je rok 2017
|
| 952 |
|
|
|0 0
|1 0
|4 0
|7 0
|8 0
|a SNK
|b SNK
|d 2020-10-01
|i snk2020/17635
|l 0
|o snkČSB 6044/25/2019
|p 17A1431705
|r 2026-02-21 22:16:14
|t č. 1-4
|w 2026-02-21
|y PREZ
|